[Event "Pereira Forero Cup 2nd"]
[Site "Pereira"]
[Date "2015.04.17"]
[Round "1"]
[White "Quiros, Juan Pablo"]
[Black "Cuartas Posada, Andres Felipe"]
[Result "1-0"]
[WhiteElo "1933"]
[BlackElo "1651"]
[PlyCount "71"]
[EventDate "2015.04.17"]
[EventType "swiss"]
[EventRounds "5"]
[EventCountry "COL"]
[SourceTitle "CBM 166 Extra"]
[Source "ChessBase"]
[SourceDate "2015.06.18"]
[SourceVersion "1"]
[SourceVersionDate "2015.06.18"]
[SourceQuality "1"]

1. d4 Nf6 2. Bf4 d5 3. Nf3 Bf5 4. Nbd2 h6 5. c4 e6 6. Qb3 b6 7. e3 Bd6 8. Be2 Bxf4 9. exf4 0-0 10. 0-0 c5 11. Rfd1 Qc7 12. g3 Rd8 13. Rac1 dxc4 14. Nxc4 Nbd7 15. Ne3 Be4 16. Nh4 Qb7 17. f5 e5 18. d5 Nf8 19. Bc4 Rd6 20. f3 g5 21. fxe4 gxh4 22. Bd3 hxg3 23. hxg3 N8h7 24. Kg2 Ng5 25. Qc2 Kh8 26. Rh1 Kh7 27. Rh4 Rh8 28. Rch1 Kg7 29. Nc4 Rdd8 30. Nxe5 Rde8 31. Qc3 Nxd5 32. exd5 Qxd5+ 33. Nf3+ f6 34. Bc4 Qxf5 35. Rf4 Qg6 36. Nh4 1-0